00541nam a2200181Ia 4500003000900000008004100009020001800050040001600068080001700084100002300101245008700124260004800211300001300259650004100272650001700313650000900330650002000339IN-BaIIA211028s9999 xx 000 0 eng d a0-86720-018-9 cIIA Library a524.3bBOW-1 aBowers, Richard L. 0aAstrophysicsbI, starscRichard L. Bowers  aBostonbJones and Bartlett Publishersc1984 ax, 343p. aAstronomy and astrophysics thesaurus aAstrophysics aStar aStellar systems